| 000 | 00457nam a2200157 i 4500 | ||
|---|---|---|---|
| 001 | 90521 | ||
| 003 | ES-MaACL | ||
| 005 | 20230906180451.0 | ||
| 007 | t| | ||
| 008 | 050121s1923 sp ||||1| spa d | ||
| 100 | 1 |
_aLegueu, Félix-Louis. _971310 |
|
| 245 | 1 | 3 |
_aLa pielografía _b: (con numerosas figuras) / _cF. Legueu. |
| 260 |
_aMadrid : _b[s.n.], _c1923 ( _fTalleres Poligráficos) |
||
| 300 |
_a69 p., 16 lám. ; _c22 cm. |
||
| 852 |
_aES-MaACL _jB-11244 |
||
| 999 |
_c90521 _d90521 |
||